Discursos a los maestros
Uloženo v:
| Hlavní autor: | |
|---|---|
| Médium: | Kniha |
| Jazyk: | španělština |
| Vydáno: |
Ciudad de México
Secretaría de Educación Pública
1948
|
| Edice: | Biblioteca Enciclopédica Popular: tercera época, 195
|
| Témata: | |
| Tagy: |
Přidat tag
Žádné tagy, Buďte první, kdo vytvoří štítek k tomuto záznamu!
|
MARC
| LEADER | 00000nam a2200000 a 4500 | ||
|---|---|---|---|
| 001 | UCZ8665 | ||
| 003 | CL-VaPUC | ||
| 008 | 960125e19480000MX |||||||||||||||||spa|d | ||
| 082 | 0 | 4 | |a 370.71 |b JAM |2 21 |
| 100 | |a James, William |e author |9 335702 | ||
| 245 | 1 | 0 | |a Discursos a los maestros |
| 300 | |a 88 p | ||
| 942 | |c BK | ||
| 945 | |d 19960125 00:00:00 |a cmena | ||
| 260 | |a Ciudad de México |b Secretaría de Educación Pública |c 1948 | ||
| 650 | 0 | |a Docentes |9 311365 | |
| 650 | 0 | |a Psicología educacional |9 307830 | |
| 650 | 0 | |a Rol del docente |9 329733 | |
| 650 | 0 | |a Interés |9 336484 | |
| 650 | 0 | |a Memoria |9 266549 | |
| 650 | 0 | |a Percepción |9 266750 | |
| 650 | 0 | |a Psicología del niño |9 307305 | |
| 583 | |a last modification |c 19960125 00:00:00 |k Rodrigo Vera | ||
| 490 | 0 | |a Biblioteca Enciclopédica Popular: tercera época, 195 | |
| 999 | |c 244517 |d 244515 | ||
| 952 | |0 0 |1 0 |4 0 |6 370_710000000000000_JAM_1948 |7 0 |8 P |9 258602 |a BIBEDU |b BIBEDU |c BIBEDU_PB |d 2019-11-19 |i 1618059 |o 370.71 JAM 1948 |p 1618059 |r 2024-01-25 |w 2019-11-19 |y BK |k EDU | ||